000 04923nam0a2200397 4500
001 RU\NLR\BIBL_A\016207069
005 20230118144437.0
010 _a978-5-89781-725-2
_950
021 _aRU
_bКН-П-22-069649
_9КН-П-22-6064
035 _a(NLR Aleph) 016207069
035 _a(RuMoRGB)011279507
090 _a12695392
_c12695392
100 _a20221114d2021 k y0rusy50 ca
101 0 _arus
_deng
102 _aRU
105 _a |||z|||100zy
181 0 _ai3
_baxxe
182 0 _an
200 1 _aIII Международная научно-практическая межвузовская площадка "Защита интеллектуальной собственности в деятельности бизнеса и государства", 16 сентября 2021 г.
_eсборник докладов
_fФедеральное государственное бюджетное образовательное учреждение высшего образования "Российская академия народного хозяйства и государственной службы при Президенте Российской Федерации", Северо-Западный институт управления
_gсоставитель: канд. экон. наук, доцент А. А. Ворона
_gпод общей редакцией канд. экон. наук А. Г. Гетман
203 _aТекст
_bвизуальный
_cнепосредственный
210 _aСанкт-Петербург
_cИПЦ СЗИУ РАНХиГС
_d2021
215 _a118, [1] с.
_cил., табл.
_d21
300 _aРез. англ.
320 _aБиблиогр. в конце ст.
330 _aСборник посвящен вопросам интеллектуальной собственности, наиболее актуальным проблемам, связанным с обеспечением защиты прав интеллектуальной собственности таможенными органами. Освещены история и настоящее состояние законодательной базы в области осуществления таможенного контроля за соблюдением исключительных прав правообладателей. Рассмотрены проблемы, связанные с определением дополнительных признаков контрафактности товара, с проведением форм таможенного контроля в отношении товаров, содержащих объекты интеллектуальной собственности, и касающиеся новых аспектов взаимодействия правообладателей (их представителей) и таможенных органов. Издание адресовано студентам старших курсов вузов (специальность "Таможенное дело"), слушателям факультетов повышения квалификации, работникам системы дополнительного образования, сотрудникам таможенных органов государств - членов ЕАЭС, таможенным представителям, а также широкому кругу специалистов, чья деятельность связана с внешней торговлей
532 1 0 _aТретья Международная научно-практическая межвузовская площадка "Защита интеллектуальной собственности в деятельности бизнеса и государства", 16 сентября 2021 г.
606 1 _aИнтеллектуальная собственность
_jСъезды, совещания и т.п
_xОхрана
_xПравовые вопросы
_92105561
_3RU\NLR\AUTH\661272965
606 1 _aИнтеллектуальная собственность
_jСъезды, совещания и т.п
_xОхрана
_xДеятельность таможенных органов
_yРоссийская Федерация
_92138268
_3RU\NLR\AUTH\661593516
686 1 _aХ623.4я431
686 1 _aХ621.165.203.1я431
710 1 2 _a"Защита интеллектуальной собственности в деятельности бизнеса и государства", международная научно-практическая межвузовская площадка
_d3
_eСанкт-Петербург
_f2021
_9821467
_3RU\NLR\AUTH\880577856
942 _cBOOK
980 _aNB